000 00624nam a22002057a 4500
999 _c18664
_d18664
008 201210b xxu||||| |||| 00| 0 eng d
020 _a9781292101637
040 _aKABU
_cKABU
050 _aQA 276.12
_b.D48 2016 C.1
100 _aVeaux, Richard D. De.
245 _astats: Data and Models
_cRichard D. De Veaux, Paul F. Velleman and David E. Bock
260 _aNew York:
_bPearson,
_c2016
300 _a910p
650 _aStatistics
_vtextbook
650 _aMathematical statistics
_vTextbooks
700 _aVeaux, Richard D. De
700 _aVelleman, F. Paul
700 _aBock, E. David
942 _2lcc
_cBK